Certeza
Đã lưu trong:
| Tác giả chính: | |
|---|---|
| Định dạng: | Sách |
| Ngôn ngữ: | Undetermined |
| Được phát hành: |
San José, Costa Rica
Universitaria Centroamericana
1982
|
| Những chủ đề: | |
| Các nhãn: |
Thêm thẻ
Không có thẻ, Là người đầu tiên thẻ bản ghi này!
|
MARC
| LEADER | 00000nam a2200000Ia 4500 | ||
|---|---|---|---|
| 008 | 170316s9999 xx 000 0 und d | ||
| 040 | |a cru BVZT | ||
| 090 | |a 868 F-3c | ||
| 100 | |a Fernández, Janina | ||
| 245 | |a Certeza | ||
| 260 | |a San José, Costa Rica | ||
| 260 | |b Universitaria Centroamericana | ||
| 260 | |c 1982 | ||
| 300 | |a 86 páginas | ||
| 650 | |a LITERATURA COSTARRICENSE | ||
| 942 | |c 15 D | ||
| 999 | |c 11041 |d 11041 | ||
